<?xml version="1.0" encoding="UTF-8"?>
<record
    xmlns:xsi="http://www.w3.org/2001/XMLSchema-instance"
    xsi:schemaLocation="http://www.loc.gov/MARC21/slim http://www.loc.gov/standards/marcxml/schema/MARC21slim.xsd"
    xmlns="http://www.loc.gov/MARC21/slim">

  <leader>00767nam a22001697a 4500</leader>
  <controlfield tag="008">110718s19??    xxu|||||r|||| 00| 0 ara d</controlfield>
  <datafield tag="082" ind1=" " ind2=" ">
    <subfield code="2">22</subfield>
    <subfield code="a">335.43</subfield>
    <subfield code="b">&#x634; &#x64A; &#x628;</subfield>
  </datafield>
  <datafield tag="100" ind1=" " ind2=" ">
    <subfield code="9">26321</subfield>
    <subfield code="a">&#x634;&#x64A;&#x628;&#x62A;&#x648;&#x644;&#x64A;&#x646;&#x60C; &#x627;. &#x628;</subfield>
  </datafield>
  <datafield tag="245" ind1=" " ind2=" ">
    <subfield code="a">&#x627;&#x644;&#x641;&#x644;&#x633;&#x641;&#x629; :</subfield>
    <subfield code="b">&#x627;&#x644;&#x645;&#x627;&#x631;&#x643;&#x633;&#x64A;&#x629; &#x627;&#x644;&#x644;&#x64A;&#x646;&#x64A;&#x646;&#x64A;&#x629; /</subfield>
    <subfield code="c"> &#x62A;&#x631;&#x62C;&#x645;&#x629; &#x644;&#x648;&#x64A;&#x633; &#x627;&#x633;&#x643;&#x627;&#x631;&#x648;&#x633;&#x61B; &#x627;. &#x628;. &#x634;&#x64A;&#x628;&#x62A;&#x648;&#x644;&#x64A;&#x646;</subfield>
  </datafield>
  <datafield tag="260" ind1=" " ind2=" ">
    <subfield code="a">&#x627;&#x644;&#x642;&#x627;&#x647;&#x631;&#x629; :</subfield>
    <subfield code="b">&#x627;&#x644;&#x62B;&#x642;&#x627;&#x641;&#x629; &#x627;&#x644;&#x62C;&#x62F;&#x64A;&#x62F;&#x629;&#x60C; [19??]</subfield>
    <subfield code="c">[19??]</subfield>
  </datafield>
  <datafield tag="300" ind1=" " ind2=" ">
    <subfield code="a">324 &#x635; &#x61B;</subfield>
    <subfield code="c">24 &#x633;&#x645;</subfield>
  </datafield>
  <datafield tag="650" ind1=" " ind2=" ">
    <subfield code="9">22285</subfield>
    <subfield code="a">&#x627;&#x644;&#x645;&#x627;&#x631;&#x643;&#x633;&#x64A;&#x629; &#x627;&#x644;&#x644;&#x64A;&#x646;&#x64A;&#x646;&#x64A;&#x629;</subfield>
  </datafield>
  <datafield tag="653" ind1=" " ind2=" ">
    <subfield code="b">General</subfield>
    <subfield code="c">July2011</subfield>
  </datafield>
  <datafield tag="700" ind1=" " ind2=" ">
    <subfield code="9">26320</subfield>
    <subfield code="a">&#x627;&#x633;&#x643;&#x627;&#x631;&#x648;&#x633;&#x60C; &#x644;&#x648;&#x64A;&#x633;</subfield>
  </datafield>
  <datafield tag="942" ind1=" " ind2=" ">
    <subfield code="2">ddc</subfield>
    <subfield code="c">BB</subfield>
  </datafield>
  <datafield tag="999" ind1=" " ind2=" ">
    <subfield code="c">15697</subfield>
    <subfield code="d">15697</subfield>
  </datafield>
  <datafield tag="952" ind1=" " ind2=" ">
    <subfield code="0">0</subfield>
    <subfield code="1">0</subfield>
    <subfield code="2">ddc</subfield>
    <subfield code="4">0</subfield>
    <subfield code="7">0</subfield>
    <subfield code="8">Alef-Baa</subfield>
    <subfield code="a">MAIN</subfield>
    <subfield code="b">MAIN</subfield>
    <subfield code="c">1ST</subfield>
    <subfield code="d">2011-07-18</subfield>
    <subfield code="e">purchase</subfield>
    <subfield code="o">335.43 &#x634; &#x64A; &#x628;</subfield>
    <subfield code="p">000024377</subfield>
    <subfield code="r">2025-07-15 00:00:00</subfield>
    <subfield code="s">2014-05-19</subfield>
    <subfield code="y">BB</subfield>
  </datafield>
</record>
